000 00412nam a2200181Ia 4500
005 20241128043005.0
008 240331s9999 xx 000 0 und d
020 _a817046174X
082 _bDEV
_a894
100 _aDevi , M
245 0 _aTitu mir :
_bmahasweta devi
260 _aCalcutta
_bSeagull
_c2000
300 _a121 p .,
650 _aSocial
650 _aPolitical
650 _aEconomic
942 _cL
999 _c3388
_d3388